000 00821nam a2200241Ia 4500
003 OSt
005 20220923230642.0
006 a|||||r|||| 00| 0
007 ta
008 220922b |||||||| |||| 00| 0 san d
024 _a289,266
037 _cTextual
040 _aARTS
_cARTS
_bsan
041 _2san
_asan
082 _aO44:g, 152K7
100 _aसहाय, राजवंश, 'हीरा'
245 0 _aभारतीय काव्य शास्त्र के प्रतिनिधि सिद्धान्त
246 _aBhāratīya kāvya shāstra ke pratinidhi siddhānta
260 _c1967
650 _aसंस्कृत साहित्य
942 _hO44:g, 152K7
_cTEXL
_2CC
999 _c386282
_d386282